000 07901nam0a22005051 4500
001 RU\NLR\BIBL_A\011898664
005 20260408065640.0
035 _a(NLR Aleph) 011898664
090 _a10871075
_c10871075
100 _a20181221j1822 |||y0rusy50 ca
101 0 _arus
102 _aRU
105 _ay n 000yy
200 1 _aУказ его императорскаго величества самодержца всероссийскаго,
_e[О выданных обер-бергмейстеру 7 класса Берду и титулярному советнику Звереву привилегиях на изобретенные первым машины для связывания пеньки и льна, а последним аквавитно-гонного куба для добывания водок]
_fиз Правительствующаго Сената
210 _a[Б. м.
_dянв. 1822]
215 _a[6] с.
_d
300 _aСенат. указ от 25 янв. 1822 г.
300 _aТекст начинается словами: По указу его императорскаго величества Правительствующий Сенат слушав рапорт г. управляющаго министерством внутренних дел: что обер-бергмейстер 7 класса Карл Берд подал министерству внутренних дел в 27 день ноября 1820 года прозьбу, в коей изъясняя, что он для отвращения неудобств от слабаго связывания в бунты пеньки и льна отправляемых морем за границу, происходящих, изобрел машины...
300 _aВ левом нижнем углу на с. [5]: По 1му департаменту. О выданных обер бергмейстеру 7го класса Берду и титулярному советнику Звереву привиллегиях на изобретенныя: первым машины для связывания пеньки и льна, а последним аквавитно-гонный куб для добывания водок
300 _aВ ПСЗ текст начинается словами: Правительствующий Сенат слушав рапорт г. управляющего министерством внутренних дел: что обер-бергмейстер 7 класса Карл Берд подал министерству внутренних дел в 27 день ноября 1820 года просьбу
300 _aВ конце текста дата на с.[5]: Генваря дня 1822 года.
316 _aЭкз. РНБ (18.90.1.1-1-6) является частью владельч. конволюта. Припл. к: Указ его императорскаго величества самодержца всероссийскаго,: [О считании серебряного рубля в 3 руб. 60 коп. ассигнациями при взимании таможенных пошлин] / из Правительствующаго Сената. - [Б. м., янв. 1822]. В правом верхнем углу рукописная помета: 6
_5NLR: 18.90.1.1-1-6
321 _aПСЗ. Т.38. 28890
482 0 _1RU\NLR\BIBL_A\011897700
_12001#$aУказ его императорскаго величества самодержца всероссийскаго,$e[О считании серебряного рубля в 3 руб. 60 коп. ассигнациями при взимании таможенных пошлин]$fиз Правительствующаго Сената
_1210##$a[Б. м.$dянв. 1822]
_tУказ его императорскаго величества самодержца всероссийскаго,
517 1 _aО выданных обер-бергмейстеру 7 класса Берду и титулярному советнику Звереву привилегиях на изобретенные первым машины для связывания пеньки и льна, а последним аквавитно-гонного куба для добывания водок
517 1 _aПо указу его императорскаго величества Правительствующий Сенат слушав рапорт г. управляющаго министерством внутренних дел: что обер-бергмейстер 7 класса Карл Берд подал министерству внутренних дел в 27 день ноября 1820 года прозьбу, в коей изъясняя, что он для отвращения неудобств от слабаго связывания в бунты пеньки и льна отправляемых морем за границу, происходящих, изобрел машины...
517 1 _aО выданных обер бергмейстеру 7го класса Берду и титулярному советнику Звереву привиллегиях на изобретенныя: первым машины для связывания пеньки и льна, а последним аквавитно-гонный куб для добывания водок
517 1 _aПравительствующий Сенат слушав рапорт г. управляющего министерством внутренних дел: что обер-бергмейстер 7 класса Карл Берд подал министерству внутренних дел в 27 день ноября 1820 года просьбу
518 1 _aО выданных обер бергмейстеру 7го класса Берду и титулярному советнику Звереву привиллегиях на изобретенные: первым машины для связывания пеньки и льна, а последним аквавитно-гонный куб для добывания водок
518 1 _aПо указу его императорского величества Правительствующий Сенат слушав рапорт г. управляющего министерством внутренних дел: что обер-бергмейстер 7 класса Карл Берд подал министерству внутренних дел в 27 день ноября 1820 года просьбу, в коей изъясняя, что он для отвращения неудобств от слабого связывания в бунты пеньки и льна отправляемых морем за границу, происходящих, изобрел машины...
518 1 _aУказ его императорского величества самодержца всероссийского,
606 1 _aЗаконодательство
_yРоссия
_z1801 - 1825
_92280395
_3RU\NLR\AUTH\6601594564
686 _aХ2(2)47-3
702 1 _4570
_7ca
_8rus
_aБерд
_bК. Н.
_c1766-1843
_gКарл Николаевич
_9161064
_3RU\NLR\AUTH\770161106
702 0 _4720
_7ca
_8rus
_aАлександр
_cимператор российский
_dI
_f1777-1825
_9115306
_3RU\NLR\AUTH\775342
702 1 _4570
_7ca
_8rus
_aЗверев
_bВ.
_gВасилий
_9198999
_3RU\NLR\AUTH\770199050
710 0 1 _4720
_aРоссия
_bИмператор
_c1801-1825; Александр I
_9584940
_3RU\NLR\AUTH\8810042745
711 0 1 _aРоссия
_bСенат
_9392688
_3RU\NLR\AUTH\889948534
852 _aNLR
_j18.90.1.1-1-6
942 _cBOOK
980 _aNB
980 _aA1XVIIIv
980 _aA1UKAZ